000 00872nam a2200265 a 4500
001 000018420
005 20230526131558.0
008 100308s1949 sp 000 d spa d
040 _aDO-SdBNP
_bspa
082 _a862.3
_bR741ce, 1949
100 1 _aRojas, Fernando de,
_d1470-1541
_939878
245 1 3 _aLa Celestina /
_cFernando de Rojas ; edición y notas de Julio Cejador y Frauca.
250 _a4a ed.
260 _aMadrid :
_bEspasa-Calpe,
_c1949.
300 _av. ;
_c19 cm.
490 _aClásicos castellanos
_v23
504 _aIncluye referencias bibliográficas y notas al pie de las páginas
500 _aLa biblioteca posee el volumen 2.
650 4 _aTeatro español
_93071
650 4 _aLiteratura española
_9632
700 1 _aCejador y Frauca, Julio,
_eed.
_939879
830 0 _aClásicos castellanos ;
_v23
_94180
910 _aWM
049 _aBNGR
999 _c17941
_d17941